Land vs. Land #163 - Statistiken

Allgemein
  • Dieses Quiz wurde 15 mal gespielt
  • Das Durchschnittsergebnis liegt bei 8 aus 14
Antwortstatistiken
Frage Antwort % Korrekt
...Fläche? Italien🇮🇹
100%
...Einwohner? Italien🇮🇹
100%
...Tourismus? Italien🇮🇹
100%
...Frieden? Italien🇮🇹
100%
...Bruttoinlandsprodukt? Italien🇮🇹
87%
...Militär? Israel🇮🇱
60%
...Bruttoinlandsprodukt pro Kopf? Israel🇮🇱
53%
...Gesundheitswesen? Israel🇮🇱
47%
...durchschnittlicher IQ? Italien🇮🇹
40%
...Happy Planet Index? Israel🇮🇱
20%
...Lebenserwartung? Israel🇮🇱
20%
...HDI (Human Development Index)? Israel🇮🇱
13%
...Exportmengen? Israel🇮🇱
13%
...Gewinner? Israel🇮🇱
7%
Keine übereinstimmenden Quizze gefunden
Verteilung der Resultate
Anzahl Personen mit jedem Resultat
Perzentil nach korrekt beantworteten Fragen
Ihre Resultats-Entwicklung
Sie haben dieses Quiz noch nicht gespielt